Представление документа в формате RUSMARC

ПолеНазваниеЗначение
  Тип записи a
  Библиографический уровень m
001 Контрольный номер 0a83467eecea4e4eb41718c83467921b
005 Дата корректировки 20160122094007.6
010 Индекс ISBN __
a ISBN 978-5-9916-1522-8
101 Язык документа 0_
a Язык текста rus
102 Страна публикации __
a Страна публикации RU
200 Заглавие и сведения об ответственности 1_
a Заглавие Таможенное дело
e Сведения, относящиеся к заглавию учеб. для бакалавров
f Первые сведения об ответственности Г. А. Маховикова, Е. Е. Павлова
g Последующие сведения об ответственности С. - Петерб. гос. ун-т экономики и финансов
b Общее обозначение материала Текст
210 Выходные данные 1_
c Издательство Юрайт
a Место издания Москва
d Дата издания 2012
215 Физическое описание __
a Объем 395 с.
300 Общие примечания __
a Общие примечания гриф МО
610 Ключевые слова 0_
a Ключевые слова таможенное дело
610 Ключевые слова 0_
a Ключевые слова таможенная служба
610 Ключевые слова 0_
a Ключевые слова таможенное оформление
610 Ключевые слова 0_
a Ключевые слова таможенное декларирование
610 Ключевые слова 0_
a Ключевые слова таможенные режимы
610 Ключевые слова 0_
a Ключевые слова таможенные платежи
610 Ключевые слова 0_
a Ключевые слова учебник
610 Ключевые слова 0_
a Ключевые слова гриф МО
686 Индексы других классификаций __
a Классификационный индекс 65.9(2)843-18я73
2 Код системы rubbk
700 Автор _1
a Фамилия Маховикова
b Имя Г. А.
g Полное личное имя Галина Афанасьевна
701 Альтернативная интеллектуальная ответственность _1
a Фамилия Павлова
b Имя Е. Е.
g Полное личное имя Елена Евгеньевна
711 Наименование организации. (Альтернативная ответственность) 02
a Организация/ юрисдикция С. - Петерб. гос. ун-т экономики и финансов
801 Источник записи _0
a Страна RU
b Организация РУК
c Дата составления 20160122
g Правила каталогизации PSBO
801 Источник записи _1
a Страна RU
b Организация РУК
g Правила каталогизации PSBO
852 Данные о местонахождении __
i Авторский знак М 36
j Шифр хранения ББК 65.9(2)8
901 Тип документа __
t Тип документа m
937 Технологическая информация __
a Создатель записи (имя) Майорова
938 Служебная информация __
a Название организации Головной вуз
952 Тип литературы __
b Гриф литературы для ВШ гриф МО
c Вид литературы учебник
952 Тип литературы __
b Гриф литературы для ВШ гриф МО
c Вид литературы учебник